L'inconscient et la langue japonaise chez Lacan (notice n° 1595402)

détails MARC
000 -LEADER
fixed length control field 01576cam a2200241 4500500
005 - DATE AND TIME OF LATEST TRANSACTION
control field 20251228073529.0
041 ## - LANGUAGE CODE
Language code of text/sound track or separate title fre
042 ## - AUTHENTICATION CODE
Authentication code dc
100 10 - MAIN ENTRY--PERSONAL NAME
Personal name Kamienny-Bockzkowski, Diana
Relator term author
245 00 - TITLE STATEMENT
Title L'inconscient et la langue japonaise chez Lacan
260 ## - PUBLICATION, DISTRIBUTION, ETC.
Date of publication, distribution, etc. 2013.<br/>
500 ## - GENERAL NOTE
General note 92
520 ## - SUMMARY, ETC.
Summary, etc. Nous tâcherons de comprendre le propos bien connu de Lacan à propos de l’inconscient japonais et les limites de son analysabilité.La thèse de Lacan nous permet d’aller dans la zone d’influence réciproque entre Lacan et Barthes. Ainsi, l’étude des propos de Lacan sur la langue japonaise et les idéogrammes permet d’introduire l’impact de l’écriture et la lettre dans la théorie de l’inconscient des années 1970.
520 ## - SUMMARY, ETC.
Summary, etc. The unconscious and the Japanese language in LacanWe’ll try to understand Lacan’s well known remarks about the Japanese unconscious and the limits of its analyzability. Lacan’s theses allow us to venture into the area of influence between Lacan and Roland Barthes. Thus his analysis of the Japanese language and ideograms will enable us to introduce the impact of writing and of the letter in his theory of the unconscious in the 1970’s.
690 ## - LOCAL SUBJECT ADDED ENTRY--TOPICAL TERM (OCLC, RLIN)
Topical term or geographic name as entry element écrit
690 ## - LOCAL SUBJECT ADDED ENTRY--TOPICAL TERM (OCLC, RLIN)
Topical term or geographic name as entry element inconscient
690 ## - LOCAL SUBJECT ADDED ENTRY--TOPICAL TERM (OCLC, RLIN)
Topical term or geographic name as entry element langue japonaise
690 ## - LOCAL SUBJECT ADDED ENTRY--TOPICAL TERM (OCLC, RLIN)
Topical term or geographic name as entry element Japanese language
690 ## - LOCAL SUBJECT ADDED ENTRY--TOPICAL TERM (OCLC, RLIN)
Topical term or geographic name as entry element the unconscious
690 ## - LOCAL SUBJECT ADDED ENTRY--TOPICAL TERM (OCLC, RLIN)
Topical term or geographic name as entry element writing
786 0# - DATA SOURCE ENTRY
Note Savoirs et clinique | 16 | 1 | 2013-02-01 | p. 133-139 | 1634-3298
856 41 - ELECTRONIC LOCATION AND ACCESS
Uniform Resource Identifier <a href="https://shs.cairn.info/revue-savoirs-et-cliniques-2013-1-page-133?lang=fr&redirect-ssocas=7080">https://shs.cairn.info/revue-savoirs-et-cliniques-2013-1-page-133?lang=fr&redirect-ssocas=7080</a>

Pas d'exemplaire disponible.

PLUDOC

PLUDOC est la plateforme unique et centralisée de gestion des bibliothèques physiques et numériques de Guinée administré par le CEDUST. Elle est la plus grande base de données de ressources documentaires pour les Étudiants, Enseignants chercheurs et Chercheurs de Guinée.

Adresse

627 919 101/664 919 101

25 boulevard du commerce
Kaloum, Conakry, Guinée

Réseaux sociaux

Powered by Netsen Group @ 2025